The internal constitution of the stars / (Record no. 6647)

MARC details
000 -LEADER
fixed length control field 01116pam a2200289 a 4500
001 - CONTROL NUMBER
control field 1004090
003 - CONTROL NUMBER IDENTIFIER
control field OSt
005 - DATE AND TIME OF LATEST TRANSACTION
control field 20200220111944.0
008 - FIXED-LENGTH DATA ELEMENTS--GENERAL INFORMATION
fixed length control field 870211r19881926enka b 001 0 eng
010 ## - LIBRARY OF CONGRESS CONTROL NUMBER
LC control number 87005205
020 ## - INTERNATIONAL STANDARD BOOK NUMBER
International Standard Book Number 0521337089 (pbk.)
040 ## - CATALOGING SOURCE
Original cataloging agency DLC
Transcribing agency DLC
Modifying agency DLC
082 00 - DEWEY DECIMAL CLASSIFICATION NUMBER
Classification number 523.86
Edition number 19
Item number EDD 1988
100 1# - MAIN ENTRY--PERSONAL NAME
Personal name Eddington, Arthur Stanley,
Titles and words associated with a name Sir,
Dates associated with a name 1882-1944.
9 (RLIN) 13675
245 14 - TITLE STATEMENT
Title The internal constitution of the stars /
Statement of responsibility, etc. by Arthur S. Eddington ; with a new foreword by S. Chandrasekhar.
260 ## - PUBLICATION, DISTRIBUTION, ETC. (IMPRINT)
Place of publication, distribution, etc. Cambridge [Cambridgeshire] ;
-- New York :
Name of publisher, distributor, etc. Cambridge University Press,
Date of publication, distribution, etc. 1988.
300 ## - PHYSICAL DESCRIPTION
Extent xiv, 407 p. :
Other physical details ill. ;
Dimensions 23 cm.
440 #0 - SERIES STATEMENT/ADDED ENTRY--TITLE
Title Cambridge science classics
9 (RLIN) 13676
500 ## - GENERAL NOTE
General note Originally published: 1926.
500 ## - GENERAL NOTE
General note Includes index.
504 ## - BIBLIOGRAPHY, ETC. NOTE
Bibliography, etc Bibliography: p. [397]-402.
650 #0 - SUBJECT ADDED ENTRY--TOPICAL TERM
Topical term or geographic name as entry element Stars
General subdivision Constitution.
9 (RLIN) 13677
856 42 - ELECTRONIC LOCATION AND ACCESS
Materials specified Publisher description
Uniform Resource Identifier http://www.loc.gov/catdir/description/cam023/87005205.html
856 41 - ELECTRONIC LOCATION AND ACCESS
Materials specified Table of contents
Uniform Resource Identifier http://www.loc.gov/catdir/toc/cam028/87005205.html
906 ## - LOCAL DATA ELEMENT F, LDF (RLIN)
a 7
b cbc
c orignew
d 1
e ocip
f 19
g y-gencatlg
942 ## - ADDED ENTRY ELEMENTS (KOHA)
Source of classification or shelving scheme Dewey Decimal Classification
Koha item type Open Shelf
Holdings
Withdrawn status Lost status Source of classification or shelving scheme Damaged status Not for loan Home library Current library Date acquired Source of acquisition Inventory number Total Checkouts Full call number Barcode Date last seen Price effective from Koha item type
    Dewey Decimal Classification     MUST Main Library MUST Main Library 20/02/2020 Purchase 2005/24606   523.86 EDD 1988 2020-0516 20/02/2020 20/02/2020 Open Shelf